DBD Killer Realms - Statistics

General Stats
  • This quiz has been taken 31 times
  • The average score is 20 of 28
Answer Stats
Hint Answer % Correct
Dead Dawg Saloon Deathslinger
87%
Thompson House Hillbilly
87%
The Game Pig
87%
Suffocation Pit Trapper
87%
Eyrie of Crows Artist
83%
Treatment Theatre Doctor
83%
Freddy Fazbear's Pizza Animatronic
78%
Garden of Joy Dredge
78%
Mount Ormond Resort Legion
78%
Badham Preschool Nightmare
78%
Disturbed Ward Nurse
78%
Azarov's Resting Place Wraith
78%
Midwich Elementary School Executioner
74%
Mother's Dwelling Huntress
74%
Raccoon City Police Station Nemesis
74%
Sanctum of Wrath Oni
74%
The Temple of Purgation Plague
74%
Family Residence Spirit
70%
Nostromo Wreckage Xenomorph
70%
Father Campbell's Chapel Clown
65%
Lampkin Lane Shape
65%
Toba Landing Singularity
65%
The Underground Complex Demogorgon
57%
Grim Pantry Hag
57%
Shattered Square Knight
52%
Greenville Square Unknown
48%
Shelter Woods Skull Merchant
39%
Forgotten Ruins Lich
35%
No matching quizzes found
Score Distribution
Percent of People with Each Score
Percentile by Number Answered
Your Score History
You have not taken this quiz